000 00536nam a2200181Ia 4500
008 100920s9999 xx 000 0 und d
082 _b99382
_a491.462 न 07
100 _aकिणीकर रॉय.
245 _aदेव्हारा.
260 _bडायमंड पब्लिकेशन पुणे.
_c2007
300 _a72
_bसाधी
365 _b50
520 _aनाटक.
630 _aदेव्हारा.
650 _aनाटक.
730 _aदेव्हारा.
942 _cBOOK
999 _c739820
_d739817